| 000 | 00786nam a2200241Ia 4500 | ||
|---|---|---|---|
| 003 | OSt | ||
| 005 | 20220925211303.0 | ||
| 006 | a|||||r|||| 00| 0 | ||
| 007 | ta | ||
| 008 | 220923b |||||||| |||| 00| 0 eng d | ||
| 037 | _cGeneral Book | ||
| 040 |
_aRTL _cRTL _beng |
||
| 041 |
_2eng _aeng |
||
| 082 | _aX9(JB).28252.N18<--N17r, F2.21 | ||
| 110 |
_aMARWAR, FOREST (Department). _9274272 |
||
| 245 | 0 |
_aProgress report on the forest administration of the marwar state (Rajputana) _b 1917-18. |
|
| 260 |
_aJodhpur _bForest department of Marwar. _c1922 |
||
| 300 |
_aiv,58p _ccm. |
||
| 500 | _aApp.:p27-58p | ||
| 700 |
_aMARWAR, FOREST (Department). _9274273 |
||
| 942 |
_hX9(JB).28252.N18<--N17r, F2.21 _cGB _2CC |
||
| 999 |
_c557236 _d557236 |
||